000 00193 a2200097 4500
020 _a97804405
041 _aeng
100 _aDiana Gabaldon
245 _aA breath of snow and ashes
942 _cBK
999 _c16424
_d16424